It looks like you're offline.
Open Library logo
additional options menu

MARC record from Internet Archive

LEADER: 00754cam a22002534a 4500
001 00024478
003 DLC
005 20090707080628.0
008 000217s2000 nyua 000 0 eng
010 $a 00024478
020 $a0060195460 (alk. paper)
040 $aDLC$cDLC$dDLC
042 $apcc
043 $an-us---
050 00 $aHQ536$b.S4822 2000
082 00 $a306.8/0973$221
100 1 $aSheindlin, Judy,$d1942-
245 10 $aKeep it simple, stupid :$byou're smarter than you look /$cJudge Judy Sheindlin.
250 $a1st ed.
260 $aNew York :$bCliff Street Books,$cc2000.
300 $axiii, 177 p. :$bill. ;$c22 cm.
650 0 $aMarriage$zUnited States.
650 0 $aFamilies$zUnited States.
650 0 $aDomestic relations$zUnited States.